000 00645nam a22001937a 4500
005 20180904104411.0
010 _aENG-123905
020 _c395.00
_a9789380755366
035 _aEN-107437
037 _bDBAD/PUB
082 _a954.01
100 _aGhosh, Nagendra Nath
245 _aThe early history of kausambi :
_cby Nagendra Nath Ghosh
_bfrom the sixth century B.C. to the eleventh century A.D. /
260 _c2013
_aKolkata
_bAruna Prakashan
270 _a2, Kalidas Singha Lane,
_bKolkata
_e700009
300 _c17cm.(Hb.)
_axxxv,120p.
_bill.(pictures)
500 _aIt includes index
942 _cEN
_2ddc
_mGHO
_h954.01
999 _c156641
_d156641